[Event "European Youth Chess Championship G16"]
[Site "Prague, Top Hotel Prague"]
[Date "2012.08.17"]
[Round "1.28"]
[White "Kopnicka, Henrieta"]
[Black "Hincu, Olga"]
[Result "0-1"]
[WhiteElo "1711"]
[BlackElo "1931"]
[PlyCount "88"]
[EventDate "2012.08.17"]

1. e4 e6 2. d4 d5 3. Nd2 Nf6 4. e5 Nfd7 5. Bd3 c5 6. c3 Nc6 7. Ne2 cxd4 8. cxd4
f6 9. exf6 Nxf6 10. O-O Bd6 11. Nf3 O-O 12. Bf4 Bxf4 13. Nxf4 Ne4 14. Ne2 Qb6
15. b3 Bd7 16. Bxe4 dxe4 17. Ng5 Rad8 18. Nxe4 Be8 19. N4g3 Nxd4 20. Nxd4 Rxd4
21. Qc2 Bg6 22. Qb2 Qd6 23. a4 h5 24. Ra2 h4 25. Ne2 Rd1 26. Ra1 Rd2 27. Qc3
Rxe2 28. Rad1 Rexf2 29. Rfe1 Qf4 30. Qd4 Qxd4 31. Rxd4 e5 32. Rxh4 Bd3 33. h3
e4 34. Re3 Rb2 35. Rg4 Rxb3 36. h4 b5 37. axb5 Rxb5 38. Reg3 Rf7 39. Rg6 a5 40.
Rd6 Rh5 41. Rd8+ Kh7 42. Rh3 Rf4 43. Ra8 Rfxh4 44. Rg3 Rf5 0-1

[Event "European Youth Chess Championship G16"]
[Site "Prague, Top Hotel Prague"]
[Date "2012.08.17"]
[Round "1.29"]
[White "Cosman, Andreea-Marioara"]
[Black "Kejzar, Petra"]
[Result "1-0"]
[WhiteElo "1921"]
[BlackElo "1704"]
[PlyCount "55"]
[EventDate "2012.08.17"]

1. d4 Nf6 2. c4 g6 3. f3 Bg7 4. e4 d6 5. Nc3 O-O 6. Be3 e5 7. d5 c6 8. Qd2 cxd5
9. cxd5 a6 10. Bd3 Nbd7 11. Nge2 b5 12. b4 Bb7 13. O-O Rc8 14. a4 bxa4 15. Nxa4
Nh5 16. Nb2 Nb8 17. Nc4 f5 18. Rac1 Rf7 19. Nc3 Bf8 20. Na5 Qe8 21. exf5 gxf5
22. Nxb7 Rxb7 23. Bxf5 Rc4 24. Ne4 Rcxb4 25. Rc8 Qe7 26. Bg5 Qg7 27. Nf6+ Kh8
28. Bh6 1-0

[Event "European Youth Chess Championship G16"]
[Site "Prague, Top Hotel Prague"]
[Date "2012.08.17"]
[Round "1.30"]
[White "Nicolajsen, Thea"]
[Black "Zavgorodniaya, Alena"]
[Result "1-0"]
[WhiteElo "1691"]
[BlackElo "1910"]
[PlyCount "69"]
[EventDate "2012.08.17"]

1. d4 Nf6 2. c4 g6 3. Nc3 d5 4. cxd5 Nxd5 5. e4 Nxc3 6. bxc3 Bg7 7. Bc4 c5 8.
Ne2 Nc6 9. Be3 O-O 10. O-O Qc7 11. Rc1 b6 12. Qd2 Rd8 13. Rfd1 Bb7 14. f3 e5
15. Qb2 exd4 16. cxd4 Qe7 17. Qa3 Nb4 18. d5 Be5 19. Qb3 a6 20. a4 Bd6 21. Bd2
Bc8 22. Qe3 Bd7 23. f4 Bxa4 24. Re1 Nc2 25. Rxc2 Bxc2 26. e5 Re8 27. Qc3 Bxe5
28. fxe5 Bf5 29. Ng3 Bc8 30. Qf3 Ra7 31. Ne4 Bf5 32. Nf6+ Kg7 33. Qf4 Kh8 34.
Qh6 g5 35. Nxe8 1-0

[Event "European Youth Chess Championship G16"]
[Site "Prague, Top Hotel Prague"]
[Date "2012.08.17"]
[Round "1.31"]
[White "Turk, Tajana"]
[Black "Zemkova, Klara"]
[Result "1-0"]
[WhiteElo "1907"]
[BlackElo "1646"]
[PlyCount "49"]
[EventDate "2012.08.17"]

1. d4 e6 2. c4 d5 3. e3 Nf6 4. Nf3 c5 5. Nc3 Nc6 6. cxd5 exd5 7. Bb5 a6 8.
Bxc6+ bxc6 9. Ne5 Qc7 10. Qa4 Bb7 11. Nd3 cxd4 12. exd4 Bd6 13. Bg5 Qe7+ 14.
Kd2 O-O 15. Rae1 Qc7 16. Bxf6 Bf4+ 17. Kd1 gxf6 18. Qc2 Bc8 19. Qe2 Bf5 20. Qf3
Bxd3 21. Qxd3 c5 22. Nxd5 Qd6 23. Qf5 Bg5 24. h4 Qc6 25. Ne7+ 1-0

[Event "European Youth Chess Championship G16"]
[Site "Prague, Top Hotel Prague"]
[Date "2012.08.17"]
[Round "1.32"]
[White "Pistovcakova, Aneta"]
[Black "Schmalhorst, Sophia"]
[Result "0-1"]
[WhiteElo "1642"]
[BlackElo "1905"]
[PlyCount "76"]
[EventDate "2012.08.17"]

1. e4 e5 2. Nf3 Nc6 3. Bc4 Bc5 4. c3 Nf6 5. d3 d6 6. Bb3 Bb6 7. Nbd2 Ne7 8. h3
Ng6 9. Nc4 O-O 10. Nxb6 axb6 11. O-O h6 12. Bc2 Re8 13. Nh2 Be6 14. a3 d5 15.
Qe2 b5 16. Be3 dxe4 17. Rad1 exd3 18. Bxd3 Qe7 19. Bxb5 c6 20. Bc4 Bxc4 21.
Qxc4 Nd5 22. Bc5 Qf6 23. Ng4 Qg5 24. Be3 Ngf4 25. Bxf4 Nxf4 26. Kh2 Rad8 27.
Ne3 Qg6 28. g3 b5 29. Qa2 Nd3 30. b3 e4 31. c4 Ne5 32. cxb5 cxb5 33. Kg2 Rd3
34. Rd2 Red8 35. Rfd1 Qd6 36. Rxd3 exd3 37. Rd2 Qc6+ 38. Kg1 Nf3+ 0-1

[Event "European Youth Chess Championship G16"]
[Site "Prague, Top Hotel Prague"]
[Date "2012.08.17"]
[Round "1.33"]
[White "Shakhmurzova, Fatima"]
[Black "Hatasova, Michaela"]
[Result "1-0"]
[WhiteElo "1905"]
[BlackElo "1641"]
[PlyCount "69"]
[EventDate "2012.08.17"]

1. e4 c5 2. Nf3 Nc6 3. d4 cxd4 4. Nxd4 Nf6 5. Nc3 d6 6. Bg5 e6 7. Qd2 Be7 8.
O-O-O a6 9. f4 d5 10. e5 Nd7 11. Bxe7 Qxe7 12. Nxd5 Qd8 13. Ne3 Nxd4 14. Qxd4
O-O 15. Nc4 b5 16. Nd6 Nb6 17. Bd3 Rb8 18. Qe4 g6 19. h4 f5 20. Qf3 h5 21. Qg3
Kh7 22. Be2 Qe7 23. Qg5 Qxg5 24. hxg5 Kg7 25. Bf3 Na4 26. Nxc8 Rfxc8 27. Rd6
Rc7 28. Rhd1 a5 29. Rd7+ Rxd7 30. Rxd7+ Kf8 31. Ra7 Rd8 32. Rxa5 Rd4 33. Rxb5
Rxf4 34. Kd2 h4 35. b3 1-0

[Event "European Youth Chess Championship G16"]
[Site "Prague, Top Hotel Prague"]
[Date "2012.08.17"]
[Round "1.34"]
[White "Stranska, Kamila"]
[Black "Papathanasiou, Elisavet"]
[Result "0-1"]
[WhiteElo "1633"]
[BlackElo "1896"]
[PlyCount "128"]
[EventDate "2012.08.17"]

1. e4 c5 2. Nc3 Nc6 3. f4 e6 4. Nf3 Nge7 5. Be2 d5 6. e5 Nf5 7. Bd3 Ncd4 8.
Bxf5 Nxf5 9. O-O Bd7 10. Kh1 b5 11. Ne2 d4 12. d3 Bc6 13. Ng3 Nxg3+ 14. hxg3
Qd5 15. Qe2 h5 16. Bd2 Be7 17. Nh4 c4 18. Rf2 cxd3 19. cxd3 Bxh4 20. gxh4 Qd8
21. Bb4 Qxh4+ 22. Kg1 Qg3 23. Rc1 a5 24. Rxc6 axb4 25. Rf3 Qg4 26. b3 O-O 27.
Qc2 Qh4 28. Rf2 Qg4 29. Rf3 Kh7 30. Rc5 Ra5 31. Qd2 Rfa8 32. Rc2 Kg8 33. Qf2
Kh8 34. Qe2 Kg8 35. Qf2 R5a7 36. Qd2 Qh4 37. Rh3 Qg4 38. Rf3 Ra5 39. Qf2 Ra3
40. Qd2 Kh8 41. Rf2 Qg3 42. Rf3 Qh4 43. Rh3 Qg4 44. Rf3 Kh7 45. Qf2 g6 46. Qd2
Qh4 47. Rf2 Qe7 48. Qe2 R3a6 49. Qe4 Rd8 50. Rfd2 Kg7 51. Qe1 Rh8 52. Qf2 Qd8
53. Qf3 Qd7 54. Qg3 Rc8 55. Rxc8 Qxc8 56. Qf2 Qc1+ 57. Kh2 Rc6 58. Qe2 Rc3 59.
Qf2 Qb1 60. Qe2 Rc1 61. Rb2 Rh1+ 62. Kg3 Qg1 63. Rd2 h4+ 64. Kf3 h3 0-1

[Event "European Youth Chess Championship G16"]
[Site "Prague, Top Hotel Prague"]
[Date "2012.08.17"]
[Round "1.35"]
[White "Soyunlu, Narmin"]
[Black "Lampard, Alice"]
[Result "1-0"]
[WhiteElo "1895"]
[BlackElo "1593"]
[PlyCount "81"]
[EventDate "2012.08.17"]

1. d4 d5 2. c4 c6 3. Nf3 Nf6 4. Qc2 e6 5. g3 Nbd7 6. Bg2 Be7 7. Nbd2 Qc7 8. O-O
O-O 9. e4 dxe4 10. Nxe4 Nxe4 11. Qxe4 Nf6 12. Qc2 Rd8 13. c5 Nd5 14. Bg5 h6 15.
Bxe7 Nxe7 16. Rfd1 Nf5 17. Qc3 Rb8 18. Ne5 Bd7 19. b3 Be8 20. Rac1 Nxd4 21.
Rxd4 Qxe5 22. Rxd8 Qxc3 23. Rxe8+ Rxe8 24. Rxc3 Rd8 25. Kf1 Rd2 26. a3 Kf8 27.
Ke1 Ra2 28. a4 Ke7 29. Bf1 Rb2 30. Bd3 Kd7 31. Bc2 Ra2 32. Kd2 Ra1 33. Bd1 Ra2+
34. Rc2 Rxc2+ 35. Kxc2 b6 36. b4 e5 37. Kd3 f5 38. Kc4 bxc5 39. Kxc5 g6 40. b5
cxb5 41. axb5 1-0

[Event "European Youth Chess Championship G16"]
[Site "Prague, Top Hotel Prague"]
[Date "2012.08.17"]
[Round "1.36"]
[White "Sen, Beril Berfin"]
[Black "Colantuono, Virginia"]
[Result "1/2-1/2"]
[WhiteElo "1586"]
[BlackElo "1892"]
[PlyCount "95"]
[EventDate "2012.08.17"]

1. d4 Nf6 2. c4 g6 3. Nc3 Bg7 4. e4 d6 5. f3 O-O 6. Be3 e5 7. d5 Nh5 8. Qd2 f5
9. Bg5 Bf6 10. Be3 Nd7 11. Bd3 Nf4 12. g3 Nxd3+ 13. Qxd3 f4 14. Bd2 Nc5 15. Qc2
a5 16. O-O-O Bd7 17. Nge2 fxg3 18. hxg3 Qe8 19. Kb1 b5 20. cxb5 Bxb5 21. Nxb5
Qxb5 22. Nc3 Qd7 23. Be3 Na6 24. Rh2 Rab8 25. Rdh1 Rf7 26. Qe2 Qc8 27. Nb5 Qb7
28. Na7 Ra8 29. Nc6 Nb4 30. Qc4 Ra6 31. Rc1 Ra8 32. Bd2 Nxc6 33. Qxc6 Qa6 34.
Qxa6 Rxa6 35. Be3 a4 36. Rhc2 Bd8 37. Rf2 Kf8 38. Kc2 c5 39. Kd3 a3 40. bxa3
Rxa3+ 41. Rc3 Rfa7 42. Bh6+ Ke8 43. Rxa3 Rxa3+ 44. Kc4 Ba5 45. Bg5 Be1 46. Rh2
Rxf3 47. Rxh7 Rxg3 48. Be7 $11 1/2-1/2

[Event "European Youth Chess Championship G16"]
[Site "Prague, Top Hotel Prague"]
[Date "2012.08.17"]
[Round "1.37"]
[White "Marikova, Jana"]
[Black "Goian, Valeria"]
[Result "1-0"]
[WhiteElo "1887"]
[BlackElo "1411"]
[PlyCount "69"]
[EventDate "2012.08.17"]

1. d4 Nf6 2. c4 e5 3. dxe5 Ng4 4. Bf4 Nc6 5. Nf3 Bb4+ 6. Nbd2 Qe7 7. e3 Ngxe5
8. Nxe5 Nxe5 9. Be2 O-O 10. O-O d6 11. Nf3 a5 12. Nd4 Bc5 13. Qd2 Bxd4 14. exd4
Ng6 15. Bg3 Bd7 16. Rfe1 Qf6 17. Bf3 c6 18. Rad1 Rfc8 19. b4 a4 20. b5 Re8 21.
Rxe8+ Bxe8 22. Qb4 Nf4 23. bxc6 Bxc6 24. d5 Be8 25. Qxb7 Rd8 26. Bxf4 Qxf4 27.
Qe7 Rb8 28. Re1 h6 29. Be4 g6 30. g3 Qd2 31. Bb1 Qb4 32. h4 Qxc4 33. Qxd6 Rc8
34. Qe5 Rd8 35. h5 1-0

[Event "European Youth Chess Championship G16"]
[Site "Prague, Top Hotel Prague"]
[Date "2012.08.17"]
[Round "1.38"]
[White "Branco, Joana Catarina Cost"]
[Black "Dziodzio, Angelika"]
[Result "0-1"]
[WhiteElo "1394"]
[BlackElo "1886"]
[PlyCount "70"]
[EventDate "2012.08.17"]

1. e4 c5 2. Nf3 d6 3. d4 cxd4 4. Nxd4 Nf6 5. Nc3 Nc6 6. Be3 Ng4 7. Qd2 Nxe3 8.
Nxc6 Nxf1 9. Nxd8 Nxd2 10. Nxf7 Nf3+ 11. gxf3 Kxf7 12. O-O-O g6 13. Rd3 Bh6+
14. Kb1 Be6 15. Nd5 Rac8 16. h4 Bxd5 17. Rxd5 Bf4 18. h5 e6 19. Rd3 Ke7 20. Rb3
b6 21. Ra3 a5 22. Rb3 Rb8 23. a4 g5 24. Rd1 h6 25. Rbd3 Rhc8 26. c3 b5 27. axb5
Rxb5 28. Kc2 Rg8 29. Rg1 Bh2 30. Rg2 Be5 31. Rg1 Rgb8 32. Rb1 a4 33. Kc1 Rb3
34. Rd1 a3 35. Kc2 a2 0-1